ECAI 92 : 10th European Conference on Artificial Intelligence August 3-7, 1992, Vienna, Austria, proceedings
Αποθηκεύτηκε σε:
| Συλλογικό Έργο: | , , |
|---|---|
| Άλλοι συγγραφείς: | , |
| Μορφή: | Πρακτικό Συνεδρίου Βιβλίο |
| Γλώσσα: | English |
| Δημοσίευση: |
Chichester :
John Wiley,
c1992.
|
| Θέματα: | |
| Ετικέτες: |
Προσθήκη ετικέτας
Δεν υπάρχουν, Καταχωρήστε ετικέτα πρώτοι!
|
MARC
| LEADER | 00000cam a2200000 i 4500 | ||
|---|---|---|---|
| 001 | 1/64138 | ||
| 008 | 960402s1992 enk| ||| |||| ||eng|| | ||
| 020 | |a 0471936081 | ||
| 035 | |a 1994 |c ΔΑΡΖΕΝΤΑΣ |l 10046912 | ||
| 040 | |a GR-MyUa |b gre |e AAR2 | ||
| 041 | 0 | |a eng | |
| 082 | 7 | |a 006.3 |2 (22) | |
| 111 | 2 | |a European Conference on Artificial Intelligence |n (10th : |d 1992 : |c Vienna, Austria) | |
| 245 | 1 | 0 | |a ECAI 92 : |b 10th European Conference on Artificial Intelligence August 3-7, 1992, Vienna, Austria, proceedings / |c edited by Bernd Neumann, Werner Horn ; Organised by the European Committee for Artificial Intelligence (ECCAI), Hosted by the Austrian Society for Artificial Intelligence. |
| 260 | |a Chichester : |b John Wiley, |c c1992. | ||
| 300 | |a 876 σ. ; |c 25 εκ. | ||
| 500 | |a Περιλαμβάνει βιβλιογραφικές παραπομπές και ευρετήριο. | ||
| 650 | 0 | 0 | |a Artificial intelligence |x Congresses. |
| 700 | 1 | |a Neumann, Bernd, |d 1943 May 17- |e edt | |
| 700 | 1 | |a Horn, Werner, |c Dipl.-Ing. Dr. |e edt | |
| 710 | 2 | |a European Coordinating Committee for Artificial Intelligence. | |
| 710 | 2 | |a Austrian Society for Artificial Intelligence. | |
| 852 | |a INST |b SAMOS |e 19960402 |h 006.3 EUR |p 005300005844 |q 005300005844 |t BK |y 0 | ||